[Event "DVM U20 2021"]
[Site "Kiel GER"]
[Date "2022.07.24"]
[Round "4"]
[White "Rempe, Jonas"]
[Black "Peschel, Julia"]
[Result "1-0"]
[Termination "normal"]
[Board "7.3"]
[WhiteElo "1861"]
[BlackElo "1545"]
[WhiteClock "00:43:53"]
[BlackClock "00:19:57"]
[WhiteTeam "SK Doppelbauer Kiel"]
[BlackTeam "Biebertaler Schachfreunde"]
[PlyCount "101"]
[WhiteFideId "16202406"]
[BlackFideId "16255593"]
[EventCountry "GER"]
[EventRounds "7"]
[EventType "team-swiss"]
[EventDate "2022.07.22"]

1. e4 {[%clk 01:30:57]} e5 {[%clk 01:30:48]} {[%emt 00:00:12]} 2. Nf3 {[%clk
01:31:23]} {[%emt 00:00:04]} Nc6 {[%clk 01:31:12]} {[%emt 00:00:08]} 3. Bb5
{[%clk 01:31:50]} Bc5 {[%clk 01:31:27]} {[%emt 00:00:15]} 4. Nxe5 {[%clk
01:30:42]} {[%emt 00:01:37]} Qe7 {[%clk 01:31:36]} {[%emt 00:00:22]} 5. Nxc6
{[%clk 01:25:55]} {[%emt 00:05:17]} Qxe4+ {[%clk 01:30:54]} {[%emt 00:01:13]}
6. Qe2 {[%clk 01:26:24]} Qxe2+ {[%clk 01:31:04]} {[%emt 00:00:19]} 7. Bxe2
{[%clk 01:26:52]} {[%emt 00:00:02]} dxc6 {[%clk 01:28:58]} {[%emt 00:02:36]} 8.
d3 {[%clk 01:20:25]} {[%emt 00:06:57]} Be6 {[%clk 01:25:42]} {[%emt 00:03:47]}
9. O-O {[%clk 01:11:29]} {[%emt 00:09:25]} Ne7 {[%clk 01:24:08]} {[%emt
00:02:04]} 10. Nd2 {[%clk 01:07:56]} {[%emt 00:04:03]} f6 {[%clk 01:12:59]}
{[%emt 00:11:39]} 11. c3 {[%clk 01:03:26]} {[%emt 00:05:00]} Nf5 {[%clk
01:05:48]} {[%emt 00:07:41]} 12. d4 {[%clk 01:02:10]} {[%emt 00:01:47]} Bd6
{[%clk 01:04:25]} {[%emt 00:01:53]} 13. Re1 {[%clk 00:55:33]} {[%emt 00:07:05]}
O-O-O {[%clk 01:03:11]} {[%emt 00:01:45]} 14. Nc4 {[%clk 00:55:12]} {[%emt
00:00:51]} g5 {[%clk 00:57:52]} {[%emt 00:05:49]} 15. Bd3 {[%clk 00:51:12]}
{[%emt 00:04:29]} Bd7 {[%clk 00:54:32]} {[%emt 00:03:50]} 16. Nxd6+ {[%clk
00:51:17]} {[%emt 00:00:27]} cxd6 {[%clk 00:54:17]} {[%emt 00:00:44]} 17. b3
{[%clk 00:50:35]} {[%emt 00:01:12]} Rde8 {[%clk 00:48:29]} {[%emt 00:06:19]}
18. Bb2 {[%clk 00:50:32]} {[%emt 00:00:32]} Ne7 {[%clk 00:47:27]} {[%emt
00:01:32]} 19. c4 {[%clk 00:44:42]} {[%emt 00:06:20]} d5 {[%clk 00:45:06]}
{[%emt 00:02:51]} 20. Rac1 {[%clk 00:42:53]} {[%emt 00:02:18]} Kd8 {[%clk
00:34:23]} {[%emt 00:11:13]} 21. Re2 {[%clk 00:35:29]} {[%emt 00:07:53]} Bf5
{[%clk 00:29:14]} {[%emt 00:05:41]} 22. Rxe7 {[%clk 00:31:03]} {[%emt
00:04:56]} Rxe7 {[%clk 00:21:59]} {[%emt 00:07:45]} 23. Bxf5 {[%clk 00:31:04]}
{[%emt 00:00:29]} Re2 {[%clk 00:22:08]} {[%emt 00:00:21]} 24. Bc2 {[%clk
00:30:58]} {[%emt 00:00:34]} Rhe8 {[%clk 00:21:46]} {[%emt 00:00:53]} 25. Kf1
{[%clk 00:31:27]} {[%emt 00:00:02]} h6 {[%clk 00:20:45]} {[%emt 00:01:32]} 26.
cxd5 {[%clk 00:31:52]} {[%emt 00:00:05]} cxd5 {[%clk 00:19:09]} {[%emt
00:02:05]} 27. Ba3 {[%clk 00:32:04]} {[%emt 00:00:18]} R2e6 {[%clk 00:19:23]}
{[%emt 00:00:16]} 28. Bg6 {[%clk 00:31:12]} {[%emt 00:01:20]} Rh8 {[%clk
00:18:44]} {[%emt 00:01:10]} 29. Bf7 {[%clk 00:28:31]} {[%emt 00:03:11]} Rc6
{[%clk 00:14:44]} {[%emt 00:04:31]} 30. Bxd5 {[%clk 00:27:34]} {[%emt
00:01:27]} Rxc1+ {[%clk 00:14:07]} {[%emt 00:01:07]} 31. Bxc1 {[%clk 00:28:01]}
{[%emt 00:00:03]} Kc7 {[%clk 00:14:10]} {[%emt 00:00:26]} 32. Bb2 {[%clk
00:26:47]} {[%emt 00:01:44]} Re8 {[%clk 00:13:52]} {[%emt 00:00:48]} 33. f3
{[%clk 00:25:47]} {[%emt 00:01:29]} f5 {[%clk 00:11:48]} {[%emt 00:02:36]} 34.
Kf2 {[%clk 00:24:37]} {[%emt 00:01:39]} b5 {[%clk 00:10:36]} {[%emt 00:01:43]}
35. Bc3 {[%clk 00:22:55]} {[%emt 00:02:11]} Kd6 {[%clk 00:06:35]} {[%emt
00:04:31]} 36. Bf7 {[%clk 00:23:00]} {[%emt 00:00:24]} Rc8 {[%clk 00:06:25]}
{[%emt 00:00:42]} 37. Bb4+ {[%clk 00:23:27]} {[%emt 00:00:03]} Kd7 {[%clk
00:06:47]} {[%emt 00:00:08]} 38. Bc5 {[%clk 00:23:53]} {[%emt 00:00:03]} f4
{[%clk 00:03:14]} {[%emt 00:04:03]} 39. Bg6 {[%clk 00:23:45]} {[%emt 00:00:37]}
Ke6 {[%clk 00:02:59]} {[%emt 00:00:47]} 40. Be4 {[%clk 00:23:52]} {[%emt
00:00:22]} a5 {[%clk 00:02:33]} {[%emt 00:00:57]} 41. a3 {[%clk 00:22:33]}
{[%emt 00:01:49]} h5 {[%clk 00:01:36]} {[%emt 00:01:27]} 42. h3 {[%clk
00:19:35]} {[%emt 00:03:27]} Rc7 {[%clk 00:29:55]} {[%emt 00:02:12]} 43. Ke2
{[%clk 00:49:05]} {[%emt 00:00:58]} Rc8 {[%clk 00:27:32]} {[%emt 00:02:55]} 44.
Kd3 {[%clk 00:49:07]} {[%emt 00:00:27]} Kf7 {[%clk 00:27:03]} {[%emt 00:00:59]}
45. Bb7 {[%clk 00:44:38]} {[%emt 00:04:59]} Re8 {[%clk 00:26:09]} {[%emt
00:01:24]} 46. d5 {[%clk 00:44:00]} {[%emt 00:01:08]} Re1 {[%clk 00:23:38]}
{[%emt 00:03:01]} 47. d6 {[%clk 00:43:24]} {[%emt 00:01:07]} Kf6 {[%clk
00:21:33]} {[%emt 00:02:35]} 48. Bc8 {[%clk 00:43:05]} {[%emt 00:00:49]} Rd1+
{[%clk 00:21:00]} {[%emt 00:01:03]} 49. Ke4 {[%clk 00:43:15]} {[%emt 00:00:19]}
Rd2 {[%clk 00:20:10]} {[%emt 00:01:20]} 50. d7 {[%clk 00:43:28]} {[%emt
00:00:18]} Rd1 {[%clk 00:19:57]} {[%emt 00:00:42]} 51. Bb6 {[%clk 00:43:53]}
{[%emt 00:00:06]} 1-0

[Event "DVM U20 2021"]
[Site "Kiel GER"]
[Date "2022.07.24"]
[Round "4"]
[White "Limpert, Tillmann"]
[Black "Günther, Emil"]
[Result "1/2-1/2"]
[Termination "normal"]
[Board "7.4"]
[WhiteElo "1652"]
[BlackElo "1799"]
[WhiteClock "00:51:45"]
[BlackClock "00:32:01"]
[WhiteTeam "Biebertaler Schachfreunde"]
[BlackTeam "SK Doppelbauer Kiel"]
[PlyCount "120"]
[WhiteFideId "16213254"]
[BlackFideId "16228154"]
[EventCountry "GER"]
[EventRounds "7"]
[EventType "team-swiss"]
[EventDate "2022.07.22"]

1. e4 {[%clk 01:30:57]} {[%emt 00:00:04]} e5 {[%clk 01:30:56]} {[%emt
00:00:03]} 2. Nf3 {[%clk 01:31:21]} {[%emt 00:00:05]} Nf6 {[%clk 01:31:23]}
{[%emt 00:00:04]} 3. Nc3 {[%clk 01:31:43]} {[%emt 00:00:09]} Bb4 {[%clk
01:31:20]} {[%emt 00:00:32]} 4. Bc4 {[%clk 01:31:31]} {[%emt 00:00:42]} Nc6
{[%clk 01:31:00]} {[%emt 00:00:51]} 5. O-O {[%clk 01:30:16]} {[%emt 00:01:44]}
O-O {[%clk 01:31:10]} {[%emt 00:00:20]} 6. d3 {[%clk 01:30:11]} {[%emt
00:00:35]} h6 {[%clk 01:31:24]} {[%emt 00:00:16]} 7. Ne2 {[%clk 01:29:52]}
{[%emt 00:00:49]} d6 {[%clk 01:24:31]} {[%emt 00:07:23]} 8. c3 {[%clk
01:28:45]} {[%emt 00:01:36]} Ba5 {[%clk 01:24:29]} {[%emt 00:00:34]} 9. Bb3
{[%clk 01:29:02]} {[%emt 00:00:12]} Nh5 {[%clk 01:02:48]} {[%emt 00:22:11]} 10.
h3 {[%clk 01:26:09]} {[%emt 00:03:22]} Kh8 {[%clk 00:55:19]} {[%emt 00:08:00]}
11. d4 {[%clk 01:25:01]} {[%emt 00:01:38]} exd4 {[%clk 00:55:43]} {[%emt
00:00:07]} 12. Nexd4 {[%clk 01:24:53]} {[%emt 00:00:38]} Nxd4 {[%clk 00:52:41]}
{[%emt 00:03:31]} 13. cxd4 {[%clk 01:22:58]} {[%emt 00:02:25]} Nf6 {[%clk
00:52:44]} {[%emt 00:00:28]} 14. e5 {[%clk 01:21:39]} {[%emt 00:01:48]} dxe5
{[%clk 00:50:58]} {[%emt 00:02:16]} 15. dxe5 {[%clk 01:21:58]} {[%emt
00:00:10]} Qxd1 {[%clk 00:48:29]} {[%emt 00:02:59]} 16. Rxd1 {[%clk 01:22:19]}
{[%emt 00:00:09]} Ne4 {[%clk 00:47:44]} {[%emt 00:01:16]} 17. Bc2 {[%clk
01:20:40]} {[%emt 00:02:09]} Nc5 {[%clk 00:45:44]} {[%emt 00:02:30]} 18. Bf4
{[%clk 01:18:31]} {[%emt 00:02:39]} Bb6 {[%clk 00:44:57]} {[%emt 00:01:17]} 19.
b4 {[%clk 01:17:11]} {[%emt 00:01:50]} Ne6 {[%clk 00:45:16]} {[%emt 00:00:11]}
20. Bg3 {[%clk 01:17:17]} {[%emt 00:00:24]} a5 {[%clk 00:43:06]} {[%emt
00:02:39]} 21. b5 {[%clk 01:16:09]} {[%emt 00:01:39]} a4 {[%clk 00:43:28]}
{[%emt 00:00:08]} 22. Rac1 {[%clk 01:14:18]} {[%emt 00:02:21]} Ra5 {[%clk
00:42:18]} {[%emt 00:01:39]} 23. Nd2 {[%clk 01:11:16]} {[%emt 00:03:33]} Nc5
{[%clk 00:38:22]} {[%emt 00:04:27]} 24. Nc4 {[%clk 01:09:10]} {[%emt 00:02:36]}
Rxb5 {[%clk 00:38:36]} {[%emt 00:00:16]} 25. Nxb6 {[%clk 01:09:20]} {[%emt
00:00:19]} Rxb6 {[%clk 00:38:21]} {[%emt 00:00:45]} 26. Rd5 {[%clk 01:08:43]}
{[%emt 00:01:07]} Rc6 {[%clk 00:37:27]} {[%emt 00:01:24]} 27. Bd1 {[%clk
01:08:49]} {[%emt 00:00:22]} b6 {[%clk 00:35:53]} {[%emt 00:02:06]} 28. Bxa4
{[%clk 01:08:44]} {[%emt 00:00:34]} Nxa4 {[%clk 00:36:20]} {[%emt 00:00:04]}
29. Rxc6 {[%clk 01:08:13]} {[%emt 00:01:01]} Bb7 {[%clk 00:36:46]} {[%emt
00:00:03]} 30. Rc4 {[%clk 01:07:50]} {[%emt 00:00:53]} Nb2 {[%clk 00:35:54]}
{[%emt 00:01:22]} 31. Rb4 {[%clk 01:07:17]} {[%emt 00:01:03]} Bxd5 {[%clk
00:36:12]} {[%emt 00:00:13]} 32. Rxb2 {[%clk 01:07:33]} {[%emt 00:00:13]} Be6
{[%clk 00:36:09]} {[%emt 00:00:34]} 33. Rc2 {[%clk 01:06:03]} {[%emt 00:01:58]}
c5 {[%clk 00:35:05]} {[%emt 00:01:35]} 34. Rb2 {[%clk 01:05:56]} {[%emt
00:00:37]} Rb8 {[%clk 00:35:31]} {[%emt 00:00:05]} 35. f4 {[%clk 01:06:16]}
{[%emt 00:00:10]} g6 {[%clk 00:35:52]} {[%emt 00:00:08]} 36. Bf2 {[%clk
01:06:19]} {[%emt 00:00:27]} Rd8 {[%clk 00:33:00]} {[%emt 00:03:23]} 37. Rxb6
{[%clk 01:03:51]} {[%emt 00:02:58]} Rd1+ {[%clk 00:33:23]} {[%emt 00:00:07]}
38. Kh2 {[%clk 01:04:08]} {[%emt 00:00:14]} Rd2 {[%clk 00:33:48]} {[%emt
00:00:04]} 39. Kg3 {[%clk 01:00:17]} {[%emt 00:04:22]} c4 {[%clk 00:33:29]}
{[%emt 00:00:48]} 40. Rb1 {[%clk 00:56:51]} {[%emt 00:03:56]} Rxa2 {[%clk
00:33:31]} {[%emt 00:00:28]} 41. Rc1 {[%clk 00:56:37]} {[%emt 00:00:43]} Kg7
{[%clk 00:32:51]} {[%emt 00:01:11]} 42. Rc3 {[%clk 00:56:44]} {[%emt 00:00:23]}
f6 {[%clk 00:33:05]} {[%emt 00:00:17]} 43. Bd4 {[%clk 00:53:53]} {[%emt
00:03:19]} Bd5 {[%clk 00:33:29]} {[%emt 00:00:07]} 44. exf6+ {[%clk 00:52:57]}
{[%emt 00:01:26]} Kf7 {[%clk 00:33:49]} {[%emt 00:00:09]} 45. h4 {[%clk
00:51:25]} {[%emt 00:02:03]} Rxg2+ {[%clk 00:33:57]} {[%emt 00:00:22]} 46. Kh3
{[%clk 00:51:42]} {[%emt 00:00:13]} Rd2 {[%clk 00:33:59]} {[%emt 00:00:28]} 47.
Be5 {[%clk 00:50:59]} {[%emt 00:01:13]} Be6+ {[%clk 00:32:41]} {[%emt
00:01:47]} 48. Kg3 {[%clk 00:51:09]} {[%emt 00:00:21]} Bd5 {[%clk 00:32:31]}
{[%emt 00:00:41]} 49. Ra3 {[%clk 00:49:58]} {[%emt 00:01:38]} Rd3+ {[%clk
00:32:19]} {[%emt 00:00:43]} 50. Rxd3 {[%clk 00:50:13]} {[%emt 00:00:16]} cxd3
{[%clk 00:32:46]} {[%emt 00:00:03]} 51. Kf2 {[%clk 00:50:38]} {[%emt 00:00:06]}
Ke6 {[%clk 00:32:48]} {[%emt 00:00:27]} 52. Ke3 {[%clk 00:50:21]} {[%emt
00:00:46]} Bc4 {[%clk 00:33:11]} {[%emt 00:00:08]} 53. Bc3 {[%clk 00:50:26]}
{[%emt 00:00:24]} Kf5 {[%clk 00:32:58]} {[%emt 00:00:43]} 54. Kd4 {[%clk
00:50:30]} {[%emt 00:00:24]} Bf7 {[%clk 00:31:41]} {[%emt 00:01:50]} 55. Kxd3
{[%clk 00:50:41]} {[%emt 00:00:18]} Kg4 {[%clk 00:30:42]} {[%emt 00:01:29]} 56.
Be1 {[%clk 00:50:41]} {[%emt 00:00:31]} Kxf4 {[%clk 00:30:25]} {[%emt
00:00:47]} 57. Bd2+ {[%clk 00:50:59]} {[%emt 00:00:12]} Kg4 {[%clk 00:30:51]}
{[%emt 00:00:04]} 58. Bxh6 {[%clk 00:51:11]} {[%emt 00:00:18]} Kxh4 {[%clk
00:31:13]} {[%emt 00:00:08]} 59. Bd2 {[%clk 00:51:30]} {[%emt 00:00:11]} g5
{[%clk 00:31:36]} {[%emt 00:00:07]} 60. Bxg5+ {[%clk 00:51:45]} {[%emt
00:00:15]} Kxg5 {[%clk 00:32:01]} {[%emt 00:00:04]} 1/2-1/2

[Event "DVM U20 2021"]
[Site "Kiel GER"]
[Date "2022.07.24"]
[Round "4"]
[White "Steinbach, Julian"]
[Black "Koleber, Ksenia Alexandra"]
[Result "1-0"]
[Termination "normal"]
[Board "7.5"]
[WhiteElo "1685"]
[BlackElo "1381"]
[WhiteClock "01:35:48"]
[BlackClock "00:53:21"]
[WhiteTeam "SK Doppelbauer Kiel"]
[BlackTeam "Biebertaler Schachfreunde"]
[PlyCount "59"]
[WhiteFideId "16247973"]
[BlackFideId "16271130"]
[EventCountry "GER"]
[EventRounds "7"]
[EventType "team-swiss"]
[EventDate "2022.07.22"]

1. e4 {[%clk 01:30:58]} e5 {[%clk 01:30:56]} {[%emt 00:00:03]} 2. Nf3 {[%clk
01:31:24]} {[%emt 00:00:05]} Nc6 {[%clk 01:31:21]} {[%emt 00:00:04]} 3. Bc4
{[%clk 01:31:51]} {[%emt 00:00:03]} Nf6 {[%clk 01:31:45]} {[%emt 00:00:05]} 4.
Ng5 {[%clk 01:32:17]} {[%emt 00:00:03]} d5 {[%clk 01:32:03]} {[%emt 00:00:16]}
5. exd5 {[%clk 01:32:43]} Na5 {[%clk 01:32:25]} {[%emt 00:00:08]} 6. Bb5+
{[%clk 01:33:08]} {[%emt 00:00:07]} c6 {[%clk 01:32:46]} {[%emt 00:00:08]} 7.
dxc6 {[%clk 01:33:33]} {[%emt 00:00:04]} bxc6 {[%clk 01:33:12]} {[%emt
00:00:05]} 8. Be2 {[%clk 01:33:58]} {[%emt 00:00:04]} h6 {[%clk 01:33:22]}
{[%emt 00:00:20]} 9. Nf3 {[%clk 01:34:21]} {[%emt 00:00:08]} e4 {[%clk
01:33:14]} {[%emt 00:00:38]} 10. Ne5 {[%clk 01:34:48]} {[%emt 00:00:03]} Bd6
{[%clk 01:32:39]} {[%emt 00:01:05]} 11. d4 {[%clk 01:35:06]} {[%emt 00:00:12]}
exd3 {[%clk 01:32:48]} {[%emt 00:00:21]} 12. Nxd3 {[%clk 01:35:28]} {[%emt
00:00:08]} Qc7 {[%clk 01:32:13]} {[%emt 00:01:05]} 13. h3 {[%clk 01:35:21]}
{[%emt 00:00:36]} O-O {[%clk 01:30:41]} {[%emt 00:02:02]} 14. O-O {[%clk
01:35:42]} {[%emt 00:00:10]} Re8 {[%clk 01:30:24]} {[%emt 00:00:48]} 15. Nc3
{[%clk 01:35:27]} {[%emt 00:00:44]} Nb7 {[%clk 01:30:19]} {[%emt 00:00:35]} 16.
Be3 {[%clk 01:34:14]} {[%emt 00:01:43]} c5 {[%clk 01:26:18]} {[%emt 00:04:30]}
17. Nb5 {[%clk 01:34:01]} {[%emt 00:00:44]} Qd7 {[%clk 01:23:50]} {[%emt
00:02:57]} 18. Nxd6 {[%clk 01:34:20]} {[%emt 00:00:11]} Qxd6 {[%clk 01:24:08]}
{[%emt 00:00:12]} 19. Bf3 {[%clk 01:33:52]} {[%emt 00:00:58]} c4 {[%clk
01:21:18]} {[%emt 00:03:20]} 20. Nc5 {[%clk 01:33:00]} {[%emt 00:01:22]} Qxd1
{[%clk 01:19:43]} {[%emt 00:02:05]} 21. Raxd1 {[%clk 01:33:15]} {[%emt
00:00:16]} Rb8 {[%clk 01:08:19]} {[%emt 00:11:53]} 22. Bf4 {[%clk 01:33:20]}
{[%emt 00:00:25]} Nxc5 {[%clk 01:08:40]} {[%emt 00:00:10]} 23. Bxb8 {[%clk
01:33:44]} {[%emt 00:00:06]} Ba6 {[%clk 01:00:50]} {[%emt 00:08:19]} 24. Bxa7
{[%clk 01:34:02]} {[%emt 00:00:13]} Ne6 {[%clk 01:00:51]} {[%emt 00:00:28]} 25.
c3 {[%clk 01:34:22]} {[%emt 00:00:11]} Re7 {[%clk 00:58:38]} {[%emt 00:02:43]}
26. Bd4 {[%clk 01:34:29]} {[%emt 00:00:23]} Nxd4 {[%clk 00:58:31]} {[%emt
00:00:36]} 27. Rxd4 {[%clk 01:34:48]} {[%emt 00:00:12]} Re8 {[%clk 00:55:00]}
{[%emt 00:04:00]} 28. Rfd1 {[%clk 01:35:09]} {[%emt 00:00:09]} Kh7 {[%clk
00:54:23]} {[%emt 00:01:07]} 29. b4 {[%clk 01:35:31]} {[%emt 00:00:09]} Bb5
{[%clk 00:53:21]} {[%emt 00:01:32]} 30. Ra1 {[%clk 01:35:48]} {[%emt 00:00:12]}
1-0

[Event "DVM U20 2021"]
[Site "Kiel GER"]
[Date "2022.07.24"]
[Round "4"]
[White "Peschel, Jan"]
[Black "Woltmann, Peter"]
[Result "0-1"]
[Termination "normal"]
[Board "7.6"]
[WhiteElo "1559"]
[BlackElo "1556"]
[WhiteClock "00:00:31"]
[BlackClock "01:03:47"]
[WhiteTeam "Biebertaler Schachfreunde"]
[BlackTeam "SK Doppelbauer Kiel"]
[PlyCount "102"]
[WhiteFideId "16271629"]
[BlackFideId "16269349"]
[EventCountry "GER"]
[EventRounds "7"]
[EventType "team-swiss"]
[EventDate "2022.07.22"]

1. e4 {[%clk 01:30:57]} {[%emt 00:00:04]} e5 {[%clk 01:30:48]} {[%emt
00:00:12]} 2. Nf3 {[%clk 01:31:17]} {[%emt 00:00:12]} Nc6 {[%clk 01:31:13]}
{[%emt 00:00:03]} 3. Bc4 {[%clk 01:31:39]} {[%emt 00:00:07]} Nf6 {[%clk
01:31:35]} {[%emt 00:00:09]} 4. d3 {[%clk 01:31:43]} {[%emt 00:00:26]} Be7
{[%clk 01:31:29]} {[%emt 00:00:36]} 5. c3 {[%clk 01:29:20]} {[%emt 00:02:53]}
O-O {[%clk 01:31:47]} {[%emt 00:00:13]} 6. O-O {[%clk 01:24:58]} {[%emt
00:04:51]} d6 {[%clk 01:32:10]} {[%emt 00:00:07]} 7. Bb3 {[%clk 01:25:13]}
{[%emt 00:00:15]} Na5 {[%clk 01:29:43]} {[%emt 00:02:57]} 8. Bc2 {[%clk
01:25:22]} {[%emt 00:00:20]} Be6 {[%clk 01:29:28]} {[%emt 00:00:47]} 9. d4
{[%clk 01:24:29]} {[%emt 00:01:23]} exd4 {[%clk 01:28:03]} {[%emt 00:01:54]}
10. cxd4 {[%clk 01:24:30]} {[%emt 00:00:29]} d5 {[%clk 01:26:17]} {[%emt
00:02:17]} 11. e5 {[%clk 01:20:17]} {[%emt 00:04:42]} Ne4 {[%clk 01:26:13]}
{[%emt 00:00:35]} 12. Re1 {[%clk 01:17:14]} {[%emt 00:03:33]} Bf5 {[%clk
01:25:03]} {[%emt 00:01:40]} 13. a3 {[%clk 01:14:11]} {[%emt 00:03:32]} c5
{[%clk 01:24:59]} {[%emt 00:00:34]} 14. Bxe4 {[%clk 01:03:38]} {[%emt
00:11:03]} dxe4 {[%emt 00:00:51]} 15. Nfd2 {[%clk 01:03:42]} Qxd4 {[%clk
01:25:27]} {[%emt 00:00:06]} 16. Nc3 {[%emt 00:07:17]} Rad8 {[%clk 01:24:50]}
17. Qe2 {[%clk 00:48:45]} {[%emt 00:09:48]} Bg5 {[%clk 01:21:06]} {[%emt
00:04:14]} 18. Ndxe4 {[%clk 00:44:25]} {[%emt 00:04:50]} Bxc1 {[%clk 01:20:53]}
{[%emt 00:00:43]} 19. Nd6 {[%clk 00:38:21]} {[%emt 00:06:33]} Bd3 {[%clk
01:19:56]} {[%emt 00:01:28]} 20. Ncb5 {[%clk 00:28:25]} {[%emt 00:10:26]} Bxb5
{[%clk 01:18:29]} {[%emt 00:01:56]} 21. Qxb5 {[%clk 00:28:00]} {[%emt
00:00:55]} Bxb2 {[%clk 01:17:40]} {[%emt 00:01:20]} 22. Rab1 {[%clk 00:20:04]}
{[%emt 00:08:26]} Bc3 {[%clk 01:17:23]} {[%emt 00:00:47]} 23. Rbd1 {[%clk
00:18:46]} {[%emt 00:01:48]} Qg4 {[%clk 01:16:24]} {[%emt 00:01:29]} 24. f3
{[%clk 00:16:16]} {[%emt 00:03:01]} Qg5 {[%clk 01:07:52]} {[%emt 00:09:00]} 25.
Re4 {[%clk 00:14:08]} {[%emt 00:02:37]} Bxe5 {[%clk 01:07:05]} {[%emt
00:01:18]} 26. Qxa5 {[%clk 00:06:30]} {[%emt 00:08:10]} Bxd6 {[%clk 01:07:23]}
{[%emt 00:00:11]} 27. Rde1 {[%clk 00:04:12]} {[%emt 00:02:48]} Qd5 {[%clk
01:06:07]} {[%emt 00:01:45]} 28. Qxa7 {[%clk 00:04:09]} {[%emt 00:00:33]} c4
{[%clk 01:06:09]} {[%emt 00:00:29]} 29. Qa4 {[%clk 00:03:47]} {[%emt 00:00:50]}
b5 {[%clk 01:06:23]} {[%emt 00:00:18]} 30. Qa5 {[%clk 00:04:01]} {[%emt
00:00:16]} Ra8 {[%clk 01:06:27]} {[%emt 00:00:25]} 31. Qc3 {[%clk 00:04:13]}
{[%emt 00:00:18]} Bxa3 {[%clk 01:06:16]} {[%emt 00:00:41]} 32. Re5 {[%clk
00:04:07]} {[%emt 00:00:37]} Qd3 {[%clk 01:06:19]} {[%emt 00:00:27]} 33. Qxd3
{[%clk 00:03:27]} {[%emt 00:01:10]} cxd3 {[%clk 01:06:38]} {[%emt 00:00:11]}
34. Rd1 {[%clk 00:03:35]} {[%emt 00:00:22]} Rfe8 {[%clk 01:05:03]} {[%emt
00:02:05]} 35. Rxb5 {[%clk 00:03:41]} {[%emt 00:00:24]} Rad8 {[%clk 01:05:21]}
{[%emt 00:00:12]} 36. Rb3 {[%clk 00:02:00]} {[%emt 00:02:11]} Bc5+ {[%clk
01:05:37]} {[%emt 00:00:14]} 37. Kf1 {[%clk 00:02:19]} {[%emt 00:00:12]} Re3
{[%clk 01:04:54]} {[%emt 00:01:12]} 38. Rc3 {[%clk 00:02:21]} {[%emt 00:00:28]}
Bb6 {[%clk 01:03:54]} {[%emt 00:01:30]} 39. Rb1 {[%clk 00:01:40]} {[%emt
00:01:11]} d2 {[%clk 01:03:12]} {[%emt 00:01:12]} 40. Rxe3 {[%clk 00:01:23]}
{[%emt 00:00:46]} d1=Q+ {[%emt 00:00:09]} 41. Rxd1 {[%clk 00:01:43]} {[%emt
00:00:09]} Rxd1+ {[%clk 01:04:01]} {[%emt 00:00:04]} 42. Ke2 {[%clk 00:02:00]}
{[%emt 00:00:13]} Bxe3 {[%clk 01:04:14]} {[%emt 00:00:16]} 43. Kxd1 {[%clk
00:02:25]} {[%emt 00:00:06]} Bg1 {[%clk 01:04:11]} {[%emt 00:00:34]} 44. h3
{[%clk 00:02:47]} {[%emt 00:00:08]} g5 {[%clk 01:03:05]} {[%emt 00:01:35]} 45.
Ke2 {[%clk 00:02:04]} {[%emt 00:01:13]} Kg7 {[%clk 01:03:24]} {[%emt 00:00:11]}
46. Kd3 {[%clk 00:01:01]} {[%emt 00:01:32]} Kg6 {[%clk 01:03:29]} {[%emt
00:00:26]} 47. g4 {[%clk 00:01:11]} {[%emt 00:00:20]} h5 {[%clk 01:02:59]}
{[%emt 00:01:00]} 48. Ke4 {[%clk 00:00:58]} {[%emt 00:00:43]} hxg4 {[%clk
01:02:54]} {[%emt 00:00:35]} 49. hxg4 {[%clk 00:01:19]} {[%emt 00:00:09]} f5+
{[%clk 01:03:12]} {[%emt 00:00:11]} 50. gxf5+ {[%clk 00:01:36]} {[%emt
00:00:14]} Kf6 {[%clk 01:03:35]} {[%emt 00:00:08]} 51. f4 {[%clk 00:00:31]}
{[%emt 00:01:35]} g4 {[%clk 01:03:47]} {[%emt 00:00:18]} 0-1